Spanish Players in UEFA Champions League (2000-) - Statistics

General Stats
  • This quiz has been taken 108 times
  • The average score is 166 of 518
Answer Stats
Ranking Player Positions Nationality Matches Goals (assists) Periods Clubs % Correct
4 Andrés Iniesta MF 130 11 (30) 2002-2003, 2004-2018
100%
6 Gerard Piqué DF 128 16 (2) 2004-2005, 2007-2023
100%
1 Iker Casillas GK 165 0 (0) 2000-2019
100%
3 Xavi MF 135 10 (30) 2000-2002, 2004-2015
100%
325 Kiko Casilla GK 5 0 (0) 2015-2018
99%
5 Sergio Busquets MF 129 4 (5) 2008-2023
99%
20 Fernando Torres FW 79 20 (8) 2007-2018
97%
57 Ferrán Torres MF, FW 40 15 (5) 2018-2025
97%
122 Pau Torres DF 21 1 (2) 2021-2022, 2024-2025
97%
36 Rodri MF 57 3 (2) 2018-2025
97%
2 Sergio Ramos DF 142 17 (9) 2005-2020, 2022-2024
97%
7 Xabi Alonso MF 119 6 (9) 2003-2017
97%
8 Carles Puyol DF 107 2 (1) 2000-2002, 2004-2014
96%
154 Curro Torres DF 15 1 (1) 2002-2003, 2004-2005, 2006-2007
96%
89 Marcos Alonso DF, MF 30 1 (1) 2017-2018, 2019-2024
96%
299 Pablo Torre MF, FW 5 1 (0) 2022-2023, 2024-2025
96%
12 Raúl FW 97 50 (19) 2000-2011
96%
14 Álvaro Morata FW 89 29 (10) 2012-2025
95%
13 Dani Carvajal DF 91 2 (18) 2013-2025
95%
247 Miguel Torres DF 7 0 (0) 2006-2009
95%
41 Óliver Torres MF, FW 48 1 (4) 2013-2018, 2020-2021, 2023-2024
95%
376 Javier de Pedro MF 3 1 (0) 2003-2004
94%
15 Pedro MF, FW 84 18 (7) 2008-2015, 2017-2018, 2019-2020, 2023-2024
94%
9 Víctor Valdés GK 106 0 (0) 2002-2003, 2004-2014
94%
213 Gerard Martín DF 8 0 (3) 2024-2025
92%
19 Thiago Alcántara MF 80 9 (12) 2010-2023
92%
113 César Martín DF 23 1 (0) 2000-2005
91%
375 Daniel Martín FW 3 1 (1) 2005-2006
91%
129 Iñigo Martínez DF 20 2 (1) 2013-2014, 2023-2025
91%
244 Iván Martín MF 7 0 (0) 2024-2025
91%
31 Javi Martínez DF, MF 66 2 (3) 2012-2021
91%
16 Jordi Alba DF, MF 84 3 (12) 2010-2023
91%
360 José Luis Martí MF 4 0 (0) 2007-2008
91%
105 Gavi MF, FW 24 1 (0) 2021-2025
90%
11 Koke MF 102 5 (13) 2013-2025
90%
311 Arnau Martinez DF, MF 5 0 (0) 2024-2025
88%
352 Carlos Martínez DF 4 0 (0) 2013-2014
88%
37 David de Gea GK 55 0 (0) 2009-2010, 2011-2013, 2015-2016, 2017-2018, 2020-2022
88%
426 Josep Martinez GK 2 0 (0) 2021-2022, 2024-2025
88%
74 Pedri MF, FW 34 1 (6) 2020-2025
88%
139 Toni Martínez FW 18 0 (0) 2020-2024
88%
45 David Villa MF, FW 47 14 (6) 2006-2007, 2010-2014
87%
22 Isco MF, FW 78 10 (12) 2010-2011, 2012-2020, 2022-2023
87%
110 Lamine Yamal FW 23 5 (5) 2023-2025
86%
25 Marco Asensio MF, FW 73 15 (5) 2016-2025
86%
17 César Azpilicueta DF, MF 83 4 (4) 2010-2015, 2017-2018, 2019-2025
85%
10 Cesc Fàbregas MF, FW 104 20 (23) 2004-2015, 2017-2018
85%
28 David Silva MF, FW 70 10 (11) 2006-2007, 2011-2020
85%
26 Jesús Navas DF, FW 71 2 (8) 2007-2008, 2009-2010, 2013-2017, 2020-2024
83%
189 Aleix García MF 10 1 (0) 2024-2025
82%
143 César Navas DF 17 0 (0) 2009-2010, 2016-2017
82%
115 Eric García DF, MF 22 2 (0) 2019-2022, 2024-2025
82%
167 Fran Garcia DF 13 0 (1) 2023-2025
82%
58 Javi García DF, MF 40 2 (2) 2005-2006, 2008-2009, 2010-2016
82%
65 Luis García MF 36 10 (2) 2004-2006, 2008-2009, 2010-2011
82%
84 Raúl García MF, FW 31 7 (3) 2008-2009, 2013-2015
82%
439 Sergio García MF, FW 2 0 (0) 2002-2003
82%
350 Carlos García DF 4 0 (0) 2015-2016
81%
162 Dani García FW 13 2 (1) 2000-2002, 2005-2006
81%
77 Dani Olmo MF, FW 33 7 (3) 2019-2025
81%
98 Gabri García DF, MF 25 2 (0) 2000-2002, 2005-2006
81%
480 Jastin García DF, FW 1 0 (0) 2024-2025
81%
40 Juan Mata MF, FW 49 8 (12) 2007-2008, 2010-2013, 2015-2016, 2017-2018, 2020-2022
81%
29 Nacho DF 70 2 (0) 2012-2024
81%
70 Diego Costa FW 35 11 (5) 2013-2015, 2018-2020
79%
23 Lucas Vázquez DF, MF, FW 77 4 (10) 2015-2025
79%
206 Abel Ruiz MF, FW 9 0 (0) 2023-2025
78%
392 Jaume Costa DF 3 0 (0) 2019-2020
78%
406 Víctor Vázquez MF, FW 2 1 (0) 2008-2009, 2010-2011
78%
134 Fermin López MF, FW 19 3 (4) 2023-2025
77%
60 Fernando Llorente FW 39 8 (2) 2013-2015, 2017-2020
77%
49 Marcos Llorente DF, MF, FW 44 5 (7) 2017-2025
77%
21 Saúl Ñíguez DF, MF 79 11 (1) 2014-2024
77%
211 Víctor Ruiz DF, MF 9 0 (0) 2011-2013
77%
133 Adrián López MF, FW 19 4 (1) 2013-2014, 2016-2017, 2018-2019
76%
193 Antonio López DF, MF 10 0 (1) 2008-2010
76%
62 Aymeric Laporte DF 38 2 (0) 2014-2015, 2017-2023
76%
106 Diego López GK 24 0 (0) 2005-2006, 2008-2009, 2011-2014
76%
114 Gerard López MF 22 2 (2) 2000-2002, 2004-2005
76%
225 Joseba Llorente FW 7 4 (1) 2008-2009
76%
249 Pau López GK 7 0 (0) 2022-2023, 2024-2025
76%
39 Álex Grimaldo DF, MF 50 6 (8) 2016-2019, 2021-2022, 2024-2025
74%
137 Ángel López DF, MF 18 0 (1) 2003-2004, 2008-2009, 2011-2012
74%
297 David López DF, MF 5 1 (0) 2024-2025
74%
118 David Raya GK 22 0 (0) 2023-2025
74%
485 Jordi López MF 1 0 (0) 2003-2004
74%
322 Jorge López MF 5 0 (0) 2006-2007
74%
38 Juan Bernat DF, MF, FW 50 7 (6) 2014-2019, 2022-2024
74%
368 Óscar López DF 4 0 (0) 2005-2006
74%
440 Unai López MF 2 0 (0) 2014-2015
74%
131 Mikel Merino MF, FW 19 4 (4) 2023-2025
73%
185 Abelardo Fernández DF 11 0 (0) 2000-2002
72%
502 Miguel Albiol MF 1 0 (0) 2002-2003
72%
27 Raúl Albiol DF 71 2 (0) 2006-2007, 2009-2013, 2016-2018, 2021-2022
72%
453 Andrés Fernández GK 1 0 (0) 2014-2015
71%
348 Borja Fernández MF 4 0 (0) 2003-2004
71%
312 Carlos Fernández MF, FW 5 0 (0) 2020-2021, 2023-2024
71%
429 Luis Fernández DF 2 0 (0) 2005-2006
71%
24 Pepe Reina GK 76 0 (0) 2001-2002, 2005-2009, 2013-2014, 2016-2017, 2020-2021
71%
441 Vicente Fernández MF 2 0 (0) 2001-2002
71%
227 Gerard Moreno MF, FW 7 2 (4) 2021-2022
69%
121 Alberto Moreno DF, MF 21 1 (3) 2014-2015, 2017-2018, 2021-2022
68%
18 Guti MF, FW 81 14 (9) 2000-2010
68%
117 Alejandro Balde DF 22 0 (2) 2021-2025
67%
135 César Sánchez GK 19 0 (0) 2000-2002, 2010-2011
67%
97 Juan Sánchez FW 25 8 (2) 2000-2001, 2002-2003, 2005-2006
67%
228 Mikel Oyarzabal MF, FW 7 2 (0) 2023-2024
67%
182 Nicolás González MF 11 1 (0) 2021-2022, 2023-2025
67%
54 Víctor Sánchez MF 42 4 (7) 2000-2005
67%
403 Víctor Sánchez DF, MF 3 0 (0) 2008-2009
67%
267 Álvaro González DF 6 0 (0) 2020-2021
65%
468 David Sánchez MF 1 0 (0) 2002-2003
65%
421 Javi Sánchez DF 2 0 (0) 2018-2019
65%
263 Juanlu Sánchez DF, MF 6 0 (1) 2023-2024
65%
222 Martín Zubimendi MF 8 0 (0) 2023-2024
65%
328 Mikel González DF 5 0 (0) 2013-2014
65%
293 Mikel San José DF, MF 5 2 (0) 2014-2015
65%
223 Sergio Sánchez DF 8 0 (0) 2009-2010, 2012-2013
65%
35 Sergi Roberto DF, MF 62 3 (3) 2010-2024
65%
94 Roberto GK 27 0 (0) 2009-2010, 2013-2016
64%
446 Aarón Ñíguez MF, FW 1 0 (0) 2006-2007
63%
34 Álvaro Arbeloa DF 63 3 (2) 2007-2016
62%
365 Luis Hernández DF 4 0 (0) 2016-2017
62%
172 Pablo Hernández MF, FW 12 3 (2) 2010-2012
62%
149 Pau Cubarsí DF 16 0 (1) 2023-2025
62%
120 Ansu Fati MF, FW 21 3 (3) 2019-2022, 2024-2025
60%
86 Dani Ceballos MF, FW 31 1 (1) 2017-2018, 2021-2025
60%
80 Ander Herrera MF 33 1 (0) 2015-2016, 2017-2022
59%
141 Héctor Bellerín DF, MF 17 0 (1) 2014-2016, 2022-2023
59%
361 José Rodríguez DF, MF 4 0 (0) 2012-2013, 2015-2016
59%
196 Raúl Asencio DF 10 0 (1) 2024-2025
59%
63 Santi Cazorla MF 38 0 (7) 2005-2006, 2008-2009, 2012-2017
59%
514 Sergio Rodríguez MF 1 0 (0) 2004-2005
59%
71 Vicente Rodríguez MF, FW 35 2 (6) 2000-2001, 2002-2003, 2004-2005, 2006-2007, 2010-2011
59%
132 Carlos Soler MF, FW 19 4 (2) 2018-2019, 2022-2024
58%
32 Fernando Morientes FW 65 23 (4) 2000-2007, 2009-2010
58%
380 Iván de la Peña MF 3 0 (1) 2000-2001
56%
180 Joselu FW 11 5 (0) 2023-2024
56%
397 Joselu FW 3 0 (0) 2011-2012
56%
283 Miquel Soler DF, MF 6 0 (0) 2001-2002
56%
128 Paco Alcácer FW 20 3 (3) 2015-2019, 2021-2022
56%
435 Paco Soler MF 2 0 (0) 2001-2002
56%
46 Fabián Ruiz Peña MF 47 1 (7) 2018-2019, 2022-2025
55%
43 Juanfran DF, MF 48 0 (3) 2013-2019
55%
203 Juanfran DF 9 1 (0) 2003-2004, 2005-2006
55%
90 Angeliño DF, MF, FW 29 3 (9) 2018-2021, 2023-2024
54%
220 Iñaki Peña GK 8 0 (0) 2022-2025
54%
489 José Ángel DF, MF 1 0 (0) 2013-2014
54%
221 Marc Cucurella DF, MF, FW 8 0 (0) 2022-2023
54%
432 Miguel Ángel MF 2 0 (0) 2005-2006
54%
87 Mikel Arteta MF 31 1 (1) 2000-2001, 2003-2004, 2011-2016
54%
53 Pablo Sarabia MF, FW 42 6 (6) 2010-2011, 2016-2017, 2019-2023
54%
436 Rubén Peña DF, MF, FW 2 0 (0) 2021-2022
54%
42 Gabi MF 48 0 (9) 2013-2018
53%
126 Kepa Arrizabalaga GK 21 0 (0) 2019-2024
53%
125 Nacho Monreal DF 21 0 (1) 2012-2017
53%
191 Álvaro Odriozola DF 10 0 (2) 2018-2020, 2023-2024
51%
163 Pedro Porro DF, MF 13 1 (1) 2021-2023
51%
179 Robin Le Normand DF 12 0 (0) 2023-2025
51%
123 Jesé MF, FW 21 1 (1) 2013-2017
50%
184 Sergio Gómez DF, MF, FW 11 0 (1) 2018-2019, 2022-2024
50%
356 Ibai Gómez MF, FW 4 0 (0) 2014-2015
49%
166 Marc Casado MF 13 0 (2) 2022-2025
49%
264 Moi Gómez MF, FW 6 0 (1) 2021-2022
49%
88 Rodrigo MF, FW 30 4 (3) 2011-2013, 2015-2016, 2018-2020
49%
400 Sergi Gómez DF 3 0 (0) 2020-2021
49%
373 Victor Gomez DF, FW 4 0 (0) 2023-2024
49%
69 Fernando Hierro DF, MF 36 0 (0) 2000-2003
47%
52 José Callejón MF, FW 42 11 (6) 2011-2013, 2016-2020
47%
152 José Luis Gayà DF, MF 16 0 (0) 2015-2016, 2018-2020
47%
374 Lucas Pérez MF, FW 3 3 (2) 2016-2017
46%
82 Marc Bartra DF, MF 32 1 (1) 2011-2018
46%
306 Alfonso Pérez FW 5 0 (0) 2000-2002
45%
109 Álvaro Negredo FW 23 7 (2) 2009-2010, 2013-2014, 2015-2016, 2017-2018
45%
445 Carles Pérez DF, MF, FW 1 1 (0) 2019-2020
45%
399 Nauzet Pérez GK 3 0 (0) 2017-2018
45%
61 Daniel Parejo MF 39 2 (6) 2011-2012, 2015-2016, 2018-2019, 2021-2022
44%
146 José Mari FW 16 4 (0) 2000-2001, 2005-2006
44%
511 Pep Guardiola MF 1 0 (0) 2002-2003
44%
107 Roberto Soldado FW 23 16 (2) 2005-2006, 2007-2008, 2010-2013
44%
108 Luis Enrique MF, FW 23 9 (4) 2000-2003
42%
145 Oriol Romeu MF 17 0 (0) 2011-2012, 2023-2025
42%
195 Óscar Mingueza DF, MF 10 0 (1) 2020-2022
41%
181 Cani MF 11 1 (1) 2008-2009, 2011-2012, 2014-2015
40%
424 José Enrique DF 2 0 (0) 2014-2015
40%
170 José Manuel Pinto GK 13 0 (0) 2003-2004, 2010-2014
40%
83 Manuel Almunia GK 32 0 (0) 2004-2005, 2007-2011
40%
330 Riqui Puig MF, FW 5 0 (0) 2020-2022
40%
47 Santiago Cañizares GK 47 0 (0) 2000-2001, 2002-2003, 2004-2005, 2006-2008
40%
302 Álex Valle DF 5 0 (1) 2024-2025
38%
73 Bojan Krkić MF, FW 34 5 (2) 2007-2010, 2012-2014
38%
68 José Antonio Reyes MF 36 2 (5) 2004-2006, 2008-2009, 2015-2016
38%
161 Luis Alberto MF, FW 14 0 (2) 2020-2021, 2023-2024
38%
410 Alberto GK 2 0 (0) 2003-2004
37%
79 Gaizka Mendieta MF 33 3 (8) 2000-2003
37%
320 Jesús Vallejo DF 5 0 (0) 2017-2018, 2021-2023
37%
430 Manu Vallejo MF, FW 2 0 (0) 2019-2020
37%
447 Adama Traoré DF, MF, FW 1 0 (0) 2013-2014
36%
190 Álvaro Carreras DF, MF, FW 10 0 (2) 2024-2025
36%
197 Bryan Gil DF, MF, FW 10 0 (0) 2022-2023, 2024-2025
36%
240 Carles Aleñá MF, FW 7 0 (0) 2018-2021
36%
262 Denis Suárez MF, FW 6 0 (1) 2016-2019
36%
164 Mario Suárez MF 13 1 (0) 2013-2015
36%
389 Héctor Fort DF 3 0 (0) 2023-2025
35%
85 Mario Hermoso DF 31 3 (0) 2019-2025
35%
33 Míchel Salgado DF 65 1 (5) 2000-2009
35%
286 Pau Victor FW 6 0 (0) 2024-2025
35%
150 Antonio Adán GK 16 0 (0) 2010-2012, 2021-2023
33%
64 Joan Capdevila DF 37 3 (5) 2000-2004, 2008-2009, 2011-2012
33%
282 Mikel Rico MF 6 0 (0) 2014-2015
33%
102 Sergio Rico GK 25 0 (0) 2015-2017, 2019-2020
33%
168 Borja Valero MF 13 0 (0) 2006-2007, 2011-2012, 2018-2020
32%
78 Joaquín MF, FW 33 4 (4) 2005-2007, 2010-2011, 2012-2013
32%
103 Marcos Senna MF 24 3 (0) 2005-2006, 2008-2009, 2011-2012
32%
30 Iván Helguera DF, MF 69 14 (3) 2000-2008
31%
265 Sergio Reguilón DF, MF 6 0 (1) 2018-2019, 2023-2024
31%
159 Pablo Barrios MF 14 1 (1) 2022-2025
29%
75 Raúl Bravo DF 34 0 (3) 2001-2007, 2009-2010
29%
140 Aritz Aduriz FW 17 4 (0) 2010-2011, 2014-2015
28%
173 Rafa Mir MF, FW 12 2 (1) 2015-2016, 2021-2024
28%
138 Asier Illarramendi MF 18 0 (0) 2013-2015
27%
130 Nolito MF, FW 20 1 (1) 2011-2012, 2016-2018
27%
147 Suso MF, FW 16 1 (0) 2020-2024
27%
347 Adrián GK 4 0 (0) 2019-2021
26%
119 Cristian Tello DF, MF, FW 21 6 (4) 2011-2016
26%
232 Miguel Gutiérrez DF, MF 7 1 (0) 2021-2022, 2024-2025
26%
216 Álex Remiro GK 8 0 (0) 2023-2024
24%
101 Carlos Marchena DF, MF 25 0 (0) 2002-2003, 2004-2005, 2006-2007, 2011-2012
24%
275 Juan Miranda DF 6 0 (0) 2018-2019, 2024-2025
24%
401 Sergi Samper MF 3 0 (0) 2014-2016
24%
127 Ferran Jutglà FW 20 4 (3) 2022-2023, 2024-2025
23%
405 Marc Guiu MF, FW 2 1 (0) 2023-2024
23%
231 Martín Montoya DF, MF 7 1 (1) 2011-2015
23%
284 Óscar de Marcos DF, FW 6 0 (0) 2014-2015
23%
217 Álvaro Domínguez DF 8 0 (0) 2008-2009, 2015-2016
22%
303 Iker Muniain MF, FW 5 0 (1) 2014-2015
22%
194 Javi Galán DF 10 0 (1) 2023-2025
22%
340 Borja Mayoral FW 4 1 (0) 2017-2018
21%
44 David Albelda DF, MF 48 0 (1) 2000-2001, 2002-2003, 2004-2005, 2006-2007, 2010-2013
21%
271 Gerard Deulofeu MF, FW 6 0 (0) 2011-2012, 2017-2018
21%
111 José Manuel Jurado MF 23 3 (4) 2005-2006, 2009-2010, 2012-2013
21%
210 Quique Álvarez DF 9 0 (0) 2005-2006
21%
385 Carlos Domínguez FW 3 0 (0) 2001-2002
19%
251 Dani Güiza FW 6 2 (0) 2008-2009
19%
416 David Soria GK 2 0 (0) 2017-2018
19%
151 Esteban Granero MF 16 0 (0) 2009-2011, 2013-2014
19%
55 Fran MF 42 2 (1) 2000-2005
19%
59 Iván Marcano DF 40 1 (1) 2011-2012, 2013-2018, 2021-2023
19%
252 Markel Susaeta MF, FW 6 1 (1) 2014-2015
19%
171 Rodrigo Riquelme DF, MF, FW 13 0 (0) 2023-2025
19%
437 Sergi Dominguez DF, FW 2 0 (0) 2024-2025
19%
288 Sergio Canales MF, FW 6 0 (0) 2010-2013
19%
305 Aleix Vidal DF, MF, FW 5 0 (0) 2016-2018
18%
234 Isaac Cuenca MF, FW 7 0 (4) 2011-2012
18%
487 Jordi Pablo MF, FW 1 0 (0) 2008-2009
18%
91 Manuel Pablo DF 29 0 (1) 2000-2005
18%
209 Miguel Ángel Moyá GK 9 0 (0) 2010-2011, 2014-2015, 2016-2017
18%
175 Sandro Ramírez MF, FW 12 1 (0) 2014-2015, 2017-2018
18%
200 Stefan Bajcetic DF, MF 10 0 (0) 2022-2023, 2024-2025
18%
443 Yuri Berchiche DF, FW 2 0 (0) 2017-2018
18%
100 Albert Riera DF, FW 25 1 (2) 2001-2002, 2008-2009, 2012-2014
17%
452 Andres Cuenca DF 1 0 (0) 2024-2025
17%
226 Brais Méndez MF, FW 7 3 (1) 2023-2024
17%
157 David Navarro DF 15 0 (0) 2002-2003, 2004-2005, 2006-2007, 2010-2011
17%
144 Fernando Navarro DF 17 0 (0) 2002-2003, 2004-2005, 2009-2010
17%
471 Fran Navarro FW 1 0 (0) 2023-2024
17%
50 Juan Carlos Valerón MF 44 5 (5) 2000-2005
17%
92 Oleguer Presas DF 28 0 (0) 2002-2003, 2004-2007, 2010-2011
17%
335 Sergio Asenjo GK 5 0 (0) 2009-2010
17%
192 Alfonso Pedraza DF, MF, FW 10 0 (1) 2021-2022
15%
177 Bruno Soriano MF 12 0 (0) 2008-2009, 2011-2012
15%
124 Joan Jordán MF 21 1 (1) 2020-2024
15%
72 Sergio MF 35 2 (0) 2001-2005
15%
289 Sergio DF 6 0 (0) 2003-2004
15%
104 Vitolo MF, FW 24 1 (2) 2015-2016, 2018-2021
15%
309 Antonio Núñez MF 5 0 (0) 2004-2005
14%
178 Patric DF 12 0 (0) 2013-2014, 2020-2021, 2023-2024
14%
66 Rubén Baraja MF 36 7 (1) 2000-2001, 2002-2003, 2004-2005, 2006-2008
14%
201 Vicente Guaita GK 10 0 (0) 2010-2011, 2012-2013
14%
233 Yeremi Pino MF, FW 7 1 (0) 2021-2022
14%
409 Adrián Marín DF, MF 2 0 (0) 2023-2024
13%
455 Antonio Blanco MF 1 0 (0) 2021-2022
13%
349 Bruno DF 4 0 (0) 2010-2011
13%
261 Coke DF, MF 6 0 (1) 2015-2016
13%
219 Igor Zubeldia DF, MF 8 0 (0) 2023-2024
13%
243 Iván Campo DF, MF 7 0 (0) 2000-2002
13%
204 Manu Trigueros MF, FW 9 1 (0) 2021-2022
13%
277 Marcos MF 6 0 (0) 2001-2002
13%
280 Miguel Ángel Nadal DF, MF 6 0 (0) 2001-2002
13%
99 Sergio Escudero DF, MF 25 1 (3) 2010-2011, 2016-2017, 2020-2021
13%
188 Vicente Iborra MF 11 0 (0) 2015-2016, 2021-2022
13%
518 Xisco Nadal MF, FW 1 0 (0) 2005-2006
13%
229 Ander Barrenetxea DF, MF, FW 7 1 (1) 2023-2024
12%
156 Andrés Palop GK 15 0 (0) 2002-2003, 2007-2008, 2009-2010
12%
51 Diego Tristán FW 43 15 (1) 2000-2005
12%
316 Fernando MF 5 0 (0) 2000-2001
12%
272 Gorka Iraizoz GK 6 0 (0) 2014-2015
12%
176 Jesús Gámez DF 12 0 (1) 2012-2013, 2014-2016
12%
56 José Molina GK 42 0 (0) 2000-2005
12%
198 Juanmi GK 10 0 (0) 2002-2003
12%
495 Juanmi MF, FW 1 0 (0) 2012-2013
12%
367 Mario Gila DF, MF 4 0 (0) 2023-2024
12%
285 Óscar MF 6 0 (0) 2009-2010
12%
343 Pedro León MF, FW 4 1 (0) 2010-2011
12%
372 Rubén de la Red MF 4 0 (0) 2005-2006, 2008-2009
12%
199 Sergi Darder MF 10 0 (0) 2015-2017
12%
258 Aihen Muñoz DF 6 0 (1) 2023-2024
10%
384 Andoni Iraola DF, MF 3 0 (0) 2014-2015
10%
310 Aritz Elustondo DF 5 0 (0) 2023-2024
10%
388 Gorka Elustondo DF, MF 3 0 (0) 2013-2014
10%
476 Hugo Duro MF, FW 1 0 (0) 2020-2021
10%
491 José Manuel MF 1 0 (0) 2001-2002
10%
493 Juan Muñoz MF, FW 1 0 (0) 2015-2016
10%
398 Manolo Sanchís DF 3 0 (0) 2000-2001
10%
431 Marc Muniesa DF, MF 2 0 (0) 2011-2012
10%
338 Xabi Prieto MF 5 0 (0) 2013-2014
10%
142 Aitor Karanka DF 17 0 (0) 2000-2002
9%
81 Albert Luque MF, FW 32 4 (3) 2001-2005
9%
308 Ander Iturraspe MF 5 0 (0) 2014-2015
9%
404 Andreu Fontàs DF 2 1 (0) 2010-2012
9%
268 Asier del Horno DF 6 0 (0) 2005-2007
9%
76 Francisco Pavón DF 34 0 (1) 2000-2006
9%
379 Héctor Font MF 3 0 (1) 2005-2006
9%
187 Ignacio Camacho MF 11 0 (0) 2008-2009, 2012-2013
9%
276 Marc Roca MF 6 0 (0) 2020-2022
9%
278 Mario Gaspar DF, MF 6 0 (0) 2011-2012, 2021-2022
9%
245 Mateu Morey DF, MF 7 0 (0) 2020-2021
9%
281 Mikel Balenziaga DF 6 0 (0) 2014-2015
9%
212 Santi Mina MF, FW 8 2 (0) 2015-2016, 2018-2019
9%
148 Diego Capel MF 16 0 (1) 2007-2008, 2009-2010, 2014-2015
8%
48 Enrique Romero DF 46 0 (1) 2000-2005
8%
478 Iván Romero MF, FW 1 0 (0) 2021-2022
8%
318 Javier Manquillo DF 5 0 (0) 2013-2015
8%
67 Miguel Ángel Angulo MF, FW 36 3 (1) 2000-2001, 2002-2003, 2004-2005, 2006-2008
8%
158 Mista FW 14 2 (2) 2002-2003, 2004-2005
8%
248 Pablo Ibáñez DF 7 0 (0) 2008-2010
8%
334 Rubén DF 5 0 (0) 2000-2001, 2003-2004
8%
183 Sergi Barjuán DF 11 0 (1) 2000-2002
8%
517 Vicente Romero Romero MF 1 0 (0) 2006-2007
8%
346 Adrià Pedrosa DF, MF 4 0 (0) 2023-2024
6%
259 Carlos Cuéllar DF 6 0 (1) 2007-2008
6%
464 Daniel Pacheco MF, FW 1 0 (0) 2009-2010
6%
241 Francisco Portillo MF, FW 7 0 (0) 2012-2013
6%
155 Francisco Rufete MF 15 0 (2) 2002-2003, 2004-2005
6%
470 Fran Mérida MF 1 0 (0) 2009-2010
6%
387 Gerard Gumbau MF 3 0 (0) 2015-2016
6%
136 Javier Portillo FW 18 4 (0) 2001-2003, 2005-2006
6%
492 Juan Cámara MF 1 0 (0) 2015-2016
6%
256 Míchel MF 6 1 (0) 2017-2018
6%
369 Pablo Amo DF 4 0 (0) 2004-2005
6%
95 Pedro Munitis FW 26 1 (3) 2000-2001, 2003-2005
6%
329 Portu DF, MF, FW 5 0 (0) 2024-2025
6%
344 Raúl de Tomás FW 4 1 (0) 2019-2020
6%
449 Alberto Bueno MF, FW 1 0 (0) 2008-2009
5%
266 Alejandro Francés DF 6 0 (0) 2024-2025
5%
238 Antonio Barragán DF, MF 7 0 (0) 2011-2012, 2015-2016
5%
300 Beñat Etxebarria MF 5 0 (2) 2014-2015
5%
269 Beñat Turrientes MF, FW 6 0 (0) 2023-2024
5%
205 Hugo Bueno DF, MF 9 0 (1) 2024-2025
5%
242 Igor Jauregi DF, MF 7 0 (0) 2003-2004
5%
390 Iván Fresneda DF, MF 3 0 (0) 2024-2025
5%
479 Jacobo Ramón DF 1 0 (0) 2024-2025
5%
208 Jaume Doménech GK 9 0 (0) 2015-2016, 2018-2020
5%
255 Javi Montero DF 6 1 (0) 2018-2019, 2021-2022
5%
396 Jonathan Viera MF, FW 3 0 (0) 2012-2013
5%
321 Jon Pacheco DF 5 0 (0) 2023-2024
5%
292 José Ignacio MF 5 2 (0) 2003-2004
5%
214 Josemi DF 8 0 (1) 2004-2006
5%
362 Juanito DF 4 0 (0) 2009-2010
5%
382 Mariano Pernía DF 3 0 (1) 2008-2009
5%
505 Miki Roqué DF, MF 1 0 (0) 2006-2007
5%
165 Nacho Novo FW 13 1 (0) 2005-2006, 2007-2008, 2009-2010
5%
235 Óscar Rodríguez Arnaiz MF, FW 7 0 (2) 2020-2022
5%
509 Pablo Maffeo DF 1 0 (0) 2016-2017
5%
371 Ricardo GK 4 0 (0) 2002-2003
5%
333 Rubén Pardo MF, FW 5 0 (0) 2013-2014
5%
442 Xabier Etxeita DF 2 0 (0) 2014-2015
5%
93 Albert Celades MF 27 2 (2) 2000-2002, 2004-2005
4%
383 Albert Jorquera GK 3 0 (0) 2005-2006, 2007-2009
4%
291 Álvaro djaló MF, FW 5 2 (0) 2023-2024
4%
444 Álvaro Medrán MF 1 1 (0) 2014-2015
4%
307 Álvaro Mejía DF 5 0 (0) 2005-2007
4%
253 Álvaro Novo MF 6 1 (0) 2001-2002
4%
313 Carmona DF, MF 5 0 (0) 2022-2023
4%
467 David Pérez Rubio MF 1 0 (0) 2006-2007
4%
96 Donato DF, MF 26 0 (1) 2000-2003
4%
186 Fabricio GK 11 0 (0) 2016-2018
4%
473 Gaizka Toquero MF, FW 1 0 (0) 2014-2015
4%
294 Iago Falque MF, FW 5 1 (1) 2015-2016
4%
477 Ignasi Miquel DF 1 0 (0) 2011-2012
4%
273 Imanol Agirretxe FW 6 0 (0) 2013-2014
4%
422 Javier Ros MF 2 0 (0) 2013-2014
4%
381 Joan Oriol DF 3 0 (1) 2011-2012
4%
323 José Cañas MF 5 0 (0) 2019-2020
4%
295 Juanpe DF 5 1 (1) 2024-2025
4%
366 Luis Milla MF 4 0 (0) 2000-2001
4%
498 Marc Cardona DF, MF, FW 1 0 (0) 2016-2017
4%
257 Santiago Ezquerro FW 6 1 (0) 2005-2007
4%
377 Vicente Engonga MF 3 1 (0) 2001-2002
4%
236 Agustín Aranzábal DF 7 0 (1) 2003-2004
3%
174 Alberto Botía DF 12 1 (1) 2014-2015, 2017-2018
3%
304 Alberto de la Bella DF 5 0 (0) 2013-2014
3%
451 Alvaro Sanz MF 1 0 (0) 2022-2023
3%
459 Carlos Delgado DF 1 0 (0) 2012-2013
3%
260 Carlos Varela MF 6 0 (1) 2002-2003
3%
461 Dani Mallo GK 1 0 (0) 2002-2003
3%
314 Fernando Varela DF, MF 5 0 (0) 2005-2006
3%
315 Fernando Vega DF 5 0 (0) 2005-2006
3%
472 Francesc Arnau GK 1 0 (0) 2000-2001
3%
418 Francisco Yeste MF 2 0 (0) 2011-2012
3%
408 Hugo Novoa DF, MF, FW 2 0 (1) 2021-2023
3%
394 Javier Arizmendi MF, FW 3 0 (0) 2007-2008
3%
317 Javi Fuego MF 5 0 (0) 2015-2016
3%
486 Jordi Mboula MF, FW 1 0 (0) 2018-2019
3%
279 Miguel Ángel Guerrero MF, FW 6 0 (0) 2019-2020
3%
215 Óscar Miñambres DF, MF 8 0 (1) 2001-2004
3%
287 Raúl Torrente DF 6 0 (0) 2024-2025
3%
448 Ager Aketxe MF 1 0 (0) 2014-2015
1%
450 Alfonso Pastor GK 1 0 (0) 2020-2021
1%
454 Ángel Dealbert DF 1 0 (0) 2010-2011
1%
296 Antonio Guayre MF, FW 5 1 (0) 2005-2006
1%
456 Cala DF 1 0 (0) 2009-2010
1%
407 Capi MF 2 0 (1) 2005-2006
1%
458 Carlos Aranda FW 1 0 (0) 2001-2002
1%
413 Catanha FW 2 0 (0) 2003-2004
1%
250 Dani Abalo MF, FW 6 2 (0) 2014-2015
1%
462 Dani Raba MF, FW 1 0 (0) 2021-2022
1%
112 David Fuster MF 23 3 (3) 2011-2015
1%
386 David Zurutuza MF 3 0 (0) 2013-2014
1%
417 Erik Morán MF 2 0 (0) 2018-2019
1%
355 Fernando Niño DF 4 0 (0) 2001-2002
1%
218 Gaizka Bergara DF 8 0 (0) 2002-2003
1%
475 Gerardo DF, MF 1 0 (0) 2000-2001
1%
341 Guillermo FW 4 1 (0) 2014-2015
1%
420 Ion Ansotegi DF 2 0 (0) 2013-2014
1%
358 Jaime Gavilán MF 4 0 (0) 2006-2008
1%
395 Javier Camuñas MF, FW 3 0 (0) 2011-2012
1%
423 Javier Serrano MF, FW 2 0 (0) 2021-2022, 2024-2025
1%
393 Javi Varas GK 3 0 (0) 2009-2010
1%
274 Jesús Rueda DF, MF 6 0 (0) 2017-2018
1%
160 José Amavisca MF, FW 14 0 (2) 2001-2004
1%
488 José Ángel Crespo DF 1 0 (0) 2007-2008
1%
363 Kike Salas DF 4 0 (0) 2022-2024
1%
496 Luis Miguel Ramis DF 1 0 (0) 2000-2001
1%
497 Mahamadou Susoho MF 1 0 (0) 2023-2024
1%
499 Marc Crosas MF 1 0 (0) 2007-2008
1%
327 Markel Bergara MF 5 0 (0) 2013-2014
1%
246 Melli DF 7 0 (0) 2005-2006
1%
503 Miguel Ángel Nieto MF 1 0 (0) 2006-2007
1%
507 Olasagasti MF 1 0 (0) 2023-2024
1%
370 Pablo Orbaiz MF 4 0 (0) 2011-2012
1%
331 Roberto Lago DF, MF 5 0 (0) 2017-2018
1%
332 Roger MF 5 0 (0) 2005-2006
1%
512 Salva Ballesta FW 1 0 (0) 2002-2003
1%
438 Sergio Arribas MF, FW 2 0 (0) 2020-2021
1%
513 Sergio Camello FW 1 0 (0) 2020-2021
1%
337 Toni Doblas GK 5 0 (0) 2005-2006
1%
516 Toni Lato DF, MF 1 0 (0) 2018-2019
1%
345 Tote MF, FW 4 1 (0) 2000-2001, 2002-2003
1%
224 Xisco MF, FW 8 0 (0) 2004-2006
1%
207 Alberto Rivera MF 9 0 (0) 2000-2001, 2005-2006
0%
301 Alejandro Campano MF 5 0 (1) 2001-2002
0%
339 Arzu DF, MF 4 1 (0) 2005-2006
0%
239 Bittor Alkiza MF 7 0 (0) 2003-2004
0%
411 Boris DF 2 0 (0) 2003-2004
0%
412 Borja Oubiña MF 2 0 (0) 2003-2004
0%
378 Borja Viguera FW 3 0 (1) 2014-2015
0%
457 Carles Planas DF 1 0 (0) 2012-2013
0%
351 Carlos Gurpegui DF, MF 4 0 (0) 2014-2015
0%
353 César Arzo DF, MF 4 0 (0) 2005-2006
0%
414 Changui FW 2 0 (0) 2004-2005
0%
463 Daniel Aranzubia GK 1 0 (0) 2013-2014
0%
460 Dani Estrada DF, MF 1 0 (0) 2013-2014
0%
354 Dani Quintana MF, FW 4 0 (0) 2017-2018
0%
415 Dani Tortolero DF 2 0 (0) 2002-2003
0%
465 David Córcoles DF 1 0 (0) 2006-2007
0%
466 David Mateos DF 1 0 (0) 2010-2011
0%
270 David Rivas DF 6 0 (0) 2005-2006
0%
469 Eñaut Zubikarai GK 1 0 (0) 2013-2014
0%
419 Garrido DF 2 0 (0) 2002-2003
0%
474 Gerard Bordas MF, FW 1 0 (0) 2011-2012
0%
116 Héctor Berenguel DF 22 1 (3) 2001-2005
0%
254 Igor Gabilondo MF 6 1 (0) 2003-2004
0%
357 Ivan Jaime Pajuelo MF, FW 4 0 (0) 2023-2024
0%
391 Jandro MF 3 0 (0) 2003-2004
0%
319 Javier Olaizola DF 5 0 (0) 2001-2002
0%
481 Javito MF, FW 1 0 (0) 2004-2005
0%
169 Javi Venta DF 13 0 (0) 2005-2006, 2008-2009
0%
230 Jesuli MF 7 1 (1) 2003-2004
0%
482 Joan Verdú MF 1 0 (0) 2004-2005
0%
483 Jon Gaztañaga DF, MF 1 0 (0) 2013-2014
0%
484 Jon Magunazelaia MF, FW 1 0 (0) 2023-2024
0%
490 José Barkero MF 1 0 (0) 2003-2004
0%
359 José Catalá DF 4 0 (0) 2011-2012
0%
425 José Marsà DF 2 0 (0) 2022-2023
0%
153 Josico MF, FW 16 0 (0) 2005-2006, 2008-2009
0%
202 Josu Sarriegi DF 9 1 (0) 2008-2009, 2010-2011
0%
494 Juan Valera Espín DF, MF 1 0 (0) 2009-2010
0%
324 Juan Velasco Damas DF 5 0 (0) 2003-2004
0%
427 Julián Robles MF 2 0 (0) 2001-2002
0%
428 Líbero Parri MF 2 0 (0) 2000-2001
0%
326 Lolo DF, MF 5 0 (0) 2007-2008, 2009-2010
0%
364 López Rekarte DF 4 0 (0) 2003-2004
0%
500 Marcos Gullón MF 1 0 (0) 2011-2012
0%
342 Mariano Bombarda FW 4 1 (0) 2002-2003
0%
501 Martí Riverola MF 1 0 (0) 2011-2012
0%
433 Miguel Pallardó MF 2 0 (0) 2006-2007
0%
237 Mikel Aranburu MF 7 0 (1) 2003-2004
0%
504 Miki Garro GK 1 0 (0) 2001-2002
0%
506 Monchu MF 1 0 (0) 2019-2020
0%
434 Nano DF 2 0 (0) 2005-2006
0%
508 Oriol Rosell MF 1 0 (0) 2014-2015
0%
298 Óscar de Paula FW 5 1 (0) 2003-2004
0%
510 Pedro Contreras GK 1 0 (0) 2005-2006
0%
515 Silvi Clúa MF 1 0 (0) 2024-2025
0%
336 Tomás Pina Isla MF 5 0 (0) 2016-2017
0%
402 Toñito MF 3 0 (0) 2000-2001
0%
290 Veljko Paunović MF, FW 6 0 (0) 2001-2002
0%
No matching quizzes found
Score Distribution
Percent of People with Each Score
Percentile by Number Answered
Your Score History
You have not taken this quiz